| 000 | 00700cam a22002293a 4500 | ||
|---|---|---|---|
| 001 | 32148 | ||
| 003 | PGUSA | ||
| 005 | 20140828083709.0 | ||
| 008 | 100427s2010||||xxu|||||s|||||000 | eng d | ||
| 040 |
_aPGUSA _beng |
||
| 042 | _adc | ||
| 050 | 4 | _aJX | |
| 100 | 1 |
_aOppenheim, L. _q(Lassa), _d1858-1919 |
|
| 245 | 1 | 0 |
_aInternational Incidents for Discussion in Conversation Classes _h[electronic resource] / _cL. Oppenheim |
| 260 |
_bProject Gutenberg, _c2010 |
||
| 506 | _aPublic domain in the USA. | ||
| 516 | _aElectronic text | ||
| 653 | _aInternational relations -- Study and teaching | ||
| 830 | 0 |
_aProject Gutenberg _v32148 |
|
| 856 | 4 | 0 | _uhttp://www.gutenberg.org/ebooks/32148 |
| 942 | _cEB | ||
| 999 |
_c261403 _d261403 |
||